000 00547nam a2200181 a 4500
005 20210223124706.0
008 020829s1999 mx r 000 0 spa d
020 _a8473561864
035 _aUPN01000118715
049 _aCG
050 4 _aHD62.7
_bB8.7
100 1 _aBurruezo García, Juan Carlos
245 1 0 _aGestión moderna del comercio minorista :
_bel enfoque práctico de las tiendas de éxito /
_cJuan Carlos Burruezo García.
260 _aMadrid :
_bESIC,
_c1999.
300 _a308 p.
650 4 _aMICROEMPRESAS
_96437
905 _aLibro
999 _c91079
_d91079